Paramahamsa: (Record no. 211756)

MARC details
000 -LEADER
fixed length control field 00557nam a22001817a 4500
005 - DATE AND TIME OF LATEST TRANSACTION
control field 20250612122405.0
010 ## - LCCN (DPL NO)
LC control number ENG-145313
020 ## - INTERNATIONAL STANDARD BOOK NUMBER
International Standard Book Number 9788124605660
Terms of availability 295.00
035 ## - SYSTEM CONTROL NUMBER
System control number EN-128845
037 ## - SOURCE OF ACQUISITION
Source of stock number/acquisition DBAD
082 ## - DEWEY DECIMAL CLASSIFICATION NUMBER
Classification number 230.53
100 ## - MAIN ENTRY--PERSONAL NAME
Personal name Subramony, R.
245 ## - TITLE STATEMENT
Title Paramahamsa:
Remainder of title A Vedantic Tale/
Statement of responsibility, etc R. Subramony
260 ## - PUBLICATION, DISTRIBUTION, ETC. (IMPRINT)
Place of publication, distribution, etc New Delhi
Name of publisher, distributor, etc D.K. Printworld
Date of publication, distribution, etc 2022
270 ## - ADDRESS
Address Sri Kunj, F-52, Bali Nagar, Ramesh Nagar Metro Station
City New Delhi
Postal code 110015
300 ## - PHYSICAL DESCRIPTION
Extent xiv, 202p.
Dimensions 22cm(pb)
942 ## - ADDED ENTRY ELEMENTS (KOHA)
Source of classification or shelving scheme Dewey Decimal Classification
Item type English Books
Classification part 230.53
Call number suffix SUB
Holdings
Withdrawn status Lost status Not for loan Collection code Home library Current library Date acquired Source of acquisition Cost, normal purchase price Full call number Barcode Copy number Cost, replacement price Koha item type
      Non-fiction RC3 Shakur Pur RC3 Shakur Pur 12/06/2025 Delivery of Books Act Division 295.00 230.53 SUB EN-128845 1 295.00 English Books

© Delhi Public Library
Hit Counter
free hit counter